[Event "YUG Team-ch31"]
[Site "Donji Milanovac"]
[Date "1979.08.27"]
[Round "1.6"]
[White "Maslesa, Branko"]
[Black "Raicevic, Momcilo"]
[Result "0-1"]
[WhiteElo "2330"]
[BlackElo "2280"]
[PlyCount "88"]
[EventDate "1979.08.27"]
[EventType "team-tourn"]
[EventRounds "9"]
[EventCountry "YUG"]
[SourceTitle "EXT 2010"]
[Source "ChessBase"]
[SourceDate "2010.11.25"]
[SourceVersion "1"]
[SourceVersionDate "2010.11.25"]
[SourceQuality "1"]
[WhiteTeam "Sarajevo Bosna"]
[BlackTeam "Belgrade Rakovica"]
[WhiteTeamCountry "YUG"]
[BlackTeamCountry "YUG"]

1. e4 c5 2. c3 d5 3. exd5 Qxd5 4. d4 e6 5. Nf3 Nf6 6. Bd3 Be7 7. c4 Qh5 8. Be2 cxd4 9. Nxd4 Qg6 10. 0-0 0-0 11. Bd3 Qg4 12. h3 Qh4 13. Nf3 Qh5 14. Re1 Nc6 15. Nc3 Rd8 16. Qe2 b6 17. Bf4 Bb7 18. Rad1 Nb4 19. Bb1 Bxf3 20. Qxf3 Qxf3 21. gxf3 Nc6 22. Ne4 Nh5 23. Bc7 Rd4 24. b3 Rc8 25. Bh2 Rcd8 26. Rxd4 Nxd4 27. Kg2 Nf5 28. Bg3 Nfxg3 29. fxg3 f5 30. Nf2 Rd2 31. Bd3 f4 32. Re2 Rxe2 33. Bxe2 Nxg3 34. Bd3 g6 35. Ne4 Nf5 36. Nc3 Bc5 37. Be4 Kf7 38. Nb5 a5 39. Nc3 Kf6 40. Ne2 Ke5 41. Bb7 a4 42. bxa4 Ne3+ 43. Kf2 Nxc4+ 44. Ke1 Be3 0-1